000 00704nam a22002297a 4500
999 _c3150
_d3150
003 AR-CdUCM
008 190306b ||||| |||| 00| 0 spa d
040 _aMUNICIPALIDAD PROVINCIAL DEL CUSCO
_cBIBLIOTECA MUNICIPAL DEL CUSCO
082 _a869.508 /
_bC81
100 _aCongrains Martín, Enrique
_910618
245 _aNo una, sino muchas muertes /
260 _aLima :
_bPEISA,
_c1974.
300 _a251 págiinas ;
_c16.5 cm.
440 _aBiblioteca Peruana
_n : 36
_910619
650 _aNarrativa peruana
_9226
650 _aSiglos XX
_910620
650 _aLiteratura - Péru
_96480
650 _aNovelas
_9218
650 _aEnrique Congrains
_910621
942 _2ddc
_cLIBROS
945 _alccs